00516nam a22001577a 450000500170000001000150001702000260003203500140005803700090007208200110008110000200009224500690011226000440018127001130022530000200033820220321123718.0 aENG-132035 a9789383051472c200.00 aEN-115567 bDBAD a155.25 aS., Shrinivasan aPersonality Development & Interpersonal Skills/cShrinivasan, S. aChennaibUnique Media Integratorsc2014 aNo. 8, 6th Cross, 8th Main Road, Vaishanavi Nagar, ThirmullaivoyalbChennaie600109mumi.infobooks@gmail.com a224pc22cm(pbk)